Rompecabezas de papel: la prensa y el periodismo desde las regiones de México. Siglo XIX y XX /

Guardat en:
Dades bibliogràfiques
Altres autors: Palacio Montiel, Celia del (coordinadora)
Format: Desconegut
Idioma:Spanish
Publicat: México: Universidad de Guadalajara, 2006.
Edició:1. edición
Matèries:
Etiquetes: Afegir etiqueta
Sense etiquetes, Sigues el primer a etiquetar aquest registre!

MARC

LEADER 000000000a22000000004500
001 001042
008 170622s2006 mx ||||| |||| 00| 0 spa d
020 |a 9707018402 
041 0 |a español 
082 |a 079.72  |b R766r 
245 1 0 |a Rompecabezas de papel:   |b la prensa y el periodismo desde las regiones de México. Siglo XIX y XX /  |c Celia del Palacio Montiel 
250 |a 1. edición 
260 |a México:   |b Universidad de Guadalajara,   |c 2006. 
300 |a 266 páginas 
500 |a Número de inscripción 6284 (Colección George Yúdice) 
650 0 4 |a PRENSA  |z MÉXICO 
650 0 4 |a PERIODISMO REGIONAL 
700 1 2 |a Palacio Montiel, Celia del  |e coordinadora 
942 |2 ddc  |c BK 
999 |c 2168  |d 2168